000 00669nam a22002417a 4500
001 35080
003 UA-OsUOA
005 20220315163627.0
007 ta
008 20051107b un ||||| |||| 00| 0 ukr d
020 _a9667492036
040 _aUA-OsUOA
_bukr
_cUA-OsUOA
_dUA-OsUOA
041 _aukr
080 _a(031)34
090 _a(031)34
_bЮ70
245 _aЮридична енциклопедія
260 _aК.
_bУкраїнська енциклопедія
_c2001
300 _a789 с.
650 7 _a0 Загальний відділ
_2UDC
942 _cBK
_2udc
955 _a7
999 _c321471
_d321471